000 00519nam a22001817a 4500
003 URS
005 20220114171559.0
008 170324b xxu||||| |||| 00| 0 eng d
020 _a9710803662
050 _aZ56
_bG833.G74
100 _aLeslie, Louis A.
_4author
245 _aGregg shorthand for colleges
_cLouis A. Leslie
260 _aNew York:
_bMcGraw-Hill,
_c1976
300 _a352 pages;
_c24 cm.
490 _aDiamond jubilee series
500 _aFirst Edition by LA Leslie, E. Zoubeck and RJ
942 _cFR
_2lcc
999 _c14203
_d14203